000 01520nam0a2200301 4500
001 RU\NLR\bibl\913118
005 20260405083340.0
010 _a5-93362-332-6
_985
021 _aRU
_b2006-1289
_955
035 _a(NLR Aleph) 000901448
090 _a1777211
_c1777211
100 _a20060306d2005 |||y0rusy50 ca
101 0 _arus
102 _aRU
105 _aa |||||||||
200 1 _aДелопроизводство
_eучебное пособие
_e[для студентов специальностей 060500, 060800, 071900, 061900 дистанционной формы обучения]
_fН.Г. Ковалева
_gМ-во образования и науки Рос. Федерации, Федер. агентство по образованию, Фил. Тихоокеан. гос. экон. ун-та в г. Находке
210 _aВладивосток
_cИзд-во ТГЭУ
_d2005
215 _a167 с.
_cил.
_d21
320 _aБиблиогр.: с. 164-165 (18 назв.)
606 1 _aДелопроизводство
_jУчебные издания для высших учебных заведений
_yРоссийская Федерация
_92117619
_3RU\NLR\auth\661279103
686 _aУ21(2)286(2Р)я73
700 1 _4070
_7ca
_8rus
_aКовалева
_bН. Г.
_cэкономист
_gНаталья Геннадьевна
_912832
_3RU\NLR\auth\7729804
801 0 _aRU
_bNLR
_c20060306
_grcr
801 1 _aRU
_bNLR
_c20060306
942 _cBOOK
980 _aNB
980 _aNBR